World Capitals by Map - Three Minute Sprint - Statistics

General Stats
  • This quiz has been taken 875 times
  • The average score is 75 of 196
Answers on the Map
Answers color-coded by a green-red scale on the quiz's map according to % correct below.
 
Answer Stats
country capital % Correct
United Kingdom London
93%
Russia Moscow
92%
France Paris
92%
Spain Madrid
90%
United States Washington
90%
Mexico Mexico City
88%
Norway Oslo
88%
Canada Ottawa
88%
Portugal Lisbon
87%
Ireland Dublin
85%
Germany Berlin
84%
Brazil Brasília
84%
Italy Rome
82%
Finland Helsinki
81%
Sweden Stockholm
81%
Peru Lima
79%
China Beijing
78%
Ukraine Kiev
76%
Japan Tokyo
75%
Argentina Buenos Aires
73%
Poland Warsaw
73%
Chile Santiago
72%
Iceland Reykjavík
71%
Denmark Copenhagen
70%
India New Delhi
70%
Egypt Cairo
68%
Latvia Riga
68%
Greece Athens
67%
Colombia Bogotá
67%
Turkey Ankara
66%
Australia Canberra
66%
Netherlands Amsterdam
65%
Belarus Minsk
65%
Belgium Brussels
63%
Ecuador Quito
63%
Switzerland Bern
62%
Venezuela Caracas
62%
Bolivia La Paz or Sucre
62%
Cuba Havana
61%
South Korea Seoul
61%
Estonia Tallinn
61%
Lithuania Vilnius
59%
Algeria Algiers
58%
Panama Panama City
58%
Uruguay Montevideo
57%
Morocco Rabat
56%
Iran Tehran
56%
Vatican City Vatican City
56%
Monaco Monaco
55%
Tunisia Tunis
55%
Austria Vienna
55%
Paraguay Asunción
54%
Hungary Budapest
54%
Romania Bucharest
53%
South Africa Cape Town, Pretoria or Bloemfontein
53%
Czech Republic Prague
53%
Indonesia Jakarta
52%
Libya Tripoli
52%
New Zealand Wellington
52%
Luxembourg Luxembourg
51%
San Marino San Marino
51%
Andorra Andorra la Vella
49%
Guatemala Guatemala City
49%
Saudi Arabia Riyadh
49%
Liechtenstein Vaduz
49%
Bulgaria Sofia
48%
Kazakhstan Astana
47%
Mongolia Ulaanbaatar
47%
Iraq Baghdad
46%
Bahamas Nassau
46%
Thailand Bangkok
44%
Malta Valletta
44%
Guyana Georgetown
43%
Jamaica Kingston
43%
Costa Rica San José
43%
Philippines Manila
42%
Slovakia Bratislava
41%
Vietnam Hanoi
41%
North Korea Pyongyang
41%
Croatia Zagreb
39%
Serbia Belgrade
38%
Pakistan Islamabad
38%
Israel Jerusalem
38%
Taiwan Taipei
38%
Oman Muscat
36%
Haiti Port-au-Prince
36%
El Salvador San Salvador
36%
Singapore Singapore
35%
Nigeria Abuja
34%
Belize Belmopan
34%
Moldova Chișinău
34%
Qatar Doha
34%
Afghanistan Kabul
34%
Democratic Republic of the Congo Kinshasa
34%
Slovenia Ljubljana
34%
Nicaragua Managua
34%
Suriname Paramaribo
34%
Bosnia and Herzegovina Sarajevo
34%
Ethiopia Addis Ababa
33%
Jordan Amman
33%
Bangladesh Dhaka
33%
Macedonia Skopje
33%
Albania Tirana
33%
United Arab Emirates Abu Dhabi
32%
Syria Damascus
32%
Lebanon Beirut
31%
Yemen Sana'a
31%
Honduras Tegucigalpa
31%
Kosovo Pristina
30%
East Timor Dili
29%
Sudan Khartoum
29%
Dominican Republic Santo Domingo
29%
Senegal Dakar
28%
Malaysia Kuala Lumpur
28%
Angola Luanda
28%
Kenya Nairobi
28%
Cyprus Nicosia
28%
Montenegro Podgorica
28%
Azerbaijan Baku
27%
Nepal Kathmandu
27%
Maldives Malé
26%
Trinidad and Tobago Port-of-Spain
26%
Ghana Accra
24%
Saint Lucia Castries
24%
Kuwait Kuwait City
24%
Bahrain Manama
24%
Antigua and Barbuda Saint John's
24%
Georgia Tbilisi
24%
Armenia Yerevan
24%
Fiji Suva
23%
Uzbekistan Tashkent
23%
Namibia Windhoek
23%
Zambia Lusaka
22%
Mali Bamako
21%
Saint Kitts and Nevis Basseterre
21%
South Sudan Juba
21%
Papua New Guinea Port Moresby
21%
Laos Vientiane
21%
Samoa Apia
20%
Kyrgyzstan Bishkek
20%
Barbados Bridgetown
20%
Togo Lomé
20%
Somalia Mogadishu
20%
Grenada Saint George's
20%
Madagascar Antananarivo
19%
Turkmenistan Ashgabat
19%
Tanzania Dodoma
19%
Tajikistan Dushanbe
19%
Dominica Roseau
19%
Saint Vincent and the Grenadines Kingstown
18%
Chad N'Djamena
18%
Niger Niamey
18%
Bhutan Thimphu
18%
Eritrea Asmara
17%
Uganda Kampala
17%
Mozambique Maputo
17%
Myanmar Naypyidaw
17%
Brunei Bandar Seri Begawan
16%
Republic of the Congo Brazzaville
16%
Cape Verde Praia
16%
Central African Republic Bangui
15%
Cambodia Phnom Penh
15%
Sri Lanka Colombo
14%
Djibouti Djibouti
14%
Sierra Leone Freetown
14%
Zimbabwe Harare
14%
Gambia Banjul
13%
Rwanda Kigali
13%
Lesotho Maseru
13%
Mauritius Port Louis
13%
Seychelles Victoria
13%
Nauru Yaren
12%
Gabon Libreville
11%
Equatorial Guinea Malabo
11%
Swaziland Mbabane
11%
Comoros Moroni
11%
Vanuatu Port Vila
11%
Botswana Gaborone
10%
Solomon Islands Honiara
10%
Marshall Islands Majuro
10%
Burkina Faso Ouagadougou
10%
São Tomé and Príncipe São Tomé
10%
Tuvalu Funafuti
9%
Liberia Monrovia
9%
Mauritania Nouakchott
9%
Federated States of Micronesia Palikir
9%
Kiribati South Tarawa
9%
Guinea-Bissau Bissau
8%
Guinea Conakry
8%
Burundi Gitega
8%
Malawi Lilongwe
8%
Palau Ngerulmud
8%
Benin Porto-Novo or Cotonou
8%
Cameroon Yaoundé
8%
Tonga Nukuʻalofa
7%
Ivory Coast Yamoussoukro
5%
No matching quizzes found
Score Distribution
Percent of People with Each Score
Percentile by Number Answered
Your Score History
You have not taken this quiz